000
00240nam a2200109Ia 4500
008
190216s9999||||xx |||||||||||||| ||und||
100
_a
Nil
245
0
_a
Geometry Maths For Middle East
260
_b
Null
650
_a
Geometry
942
_c
BK
999
_c
30472
_d
30472